Dance Moms Y dances - Statistics

General Stats
  • This quiz has been taken 36 times
  • The average score is 6 of 9
Answer Stats
Picture Answer % Correct
You can
90%
You and me against the world
81%
You do
71%
You go go girl
71%
Yum Yum
71%
You dont know me
62%
You know you love it
57%
Your dream will be my dream
57%
Young and Restless
24%
No matching quizzes found
Score Distribution
Percent of People with Each Score
Percentile by Number Answered
Your Score History
You have not taken this quiz